Loading...
| Science - Physics | 0 | 7 | 1 | 1 | 65 | 26 | 67.86 | 3 | 4 | 0.00 | 0.00 |
| Science - Chemistry | 0 | 6 | 2 | 2 | 50 | 75 | 89.17 | 2 | 4 | 0.00 | 0.00 |
| Social Science - Economics | 0 | 3 | 0 | 0 | 30 | 54 | 83.67 | 0 | 2 | 0.00 | 0.00 |
| Religion - Christianity/Judaism | 0 | 2 | 0 | 2 | 20 | 108 | 132.50 | 0 | 0 | 0.00 | 0.00 |
| Art - Music/Opera | 0 | 2 | 1 | 0 | 15 | 99 | 118.50 | 0 | 1 | 0.00 | 0.00 |
| Mythology - Greco/Roman | 0 | 2 | 1 | 2 | 15 | 112 | 124.00 | 0 | 0 | 0.00 | 0.00 |
| Science - Earth | 0 | 1 | 0 | 1 | 10 | 130 | 130.00 | 0 | 1 | 0.00 | 0.00 |
| Social Science - Sociology | 0 | 1 | 0 | 0 | 10 | 63 | 63.00 | 1 | 1 | 0.00 | 0.00 |
| Literature - European drama | 0 | 1 | 0 | 0 | 10 | 74 | 74.00 | 0 | 1 | 0.00 | 0.00 |
| Mythology - East Asia | 0 | 1 | 0 | 1 | 10 | 155 | 155.00 | 0 | 0 | 0.00 | 0.00 |
| Mythology - Mixed/Any | 0 | 1 | 0 | 0 | 10 | 100 | 100.00 | 0 | 0 | 0.00 | 0.00 |
| Other Academic/Cross-Category - Any | 0 | 1 | 0 | 0 | 10 | 46 | 46.00 | 0 | 1 | 0.00 | 0.00 |
| Science - Compsci | 0 | 1 | 0 | 0 | 10 | 21 | 21.00 | 1 | 1 | 0.00 | 0.00 |
| Social Science - Linguistics | 0 | 1 | 0 | 0 | 10 | 66 | 66.00 | 0 | 1 | 0.00 | 0.00 |
| Social Science - Mixed/Any | 0 | 1 | 0 | 0 | 10 | 109 | 109.00 | 0 | 0 | 0.00 | 0.00 |
| Social Science - Law | 0 | 1 | 0 | 0 | 10 | 94 | 94.00 | 0 | 1 | 0.00 | 0.00 |
| Science - Other | 0 | 2 | 3 | 0 | 5 | 17 | 44.50 | 1 | 2 | 0.00 | 0.00 |
| Science - Biology | 0 | 2 | 3 | 0 | 5 | 46 | 76.00 | 1 | 2 | 0.00 | 0.00 |